[Event "4th HD Bank Cup 2014"]
[Site "Ho Chi Minh City VIE"]
[Date "2014.03.11"]
[Round "2.29"]
[White "Boricsev, Oleg"]
[Black "Tran, Minh Thang"]
[Result "0-1"]
[WhiteTitle "IM"]
[WhiteElo "2339"]
[BlackElo "2071"]
[WhiteFideId "720500"]
[BlackFideId "12401080"]
[EventDate "2014.03.10"]

1. e4 c5 2. c3 d5 3. exd5 Qxd5 4. d4 Nf6 5. Nf3 Bg4 6. Be2 e6 7. h3 Bh5 8. Na3
a6 9. Nc2 cxd4 10. Ncxd4 Nc6 11. Nxc6 Qxc6 12. O-O Bc5 13. Ne5 Bxe2 14. Qxe2 Qe4
15. Re1 Qxe2 16. Rxe2 Rd8 17. Bg5 Ke7 18. Ng4 Rd3 19. Nxf6 gxf6 20. Rd2 Rhd8 21.
Rxd3 Rxd3 22. Bh6 e5 23. Kf1 f5 24. Ke2 Rd6 25. Bg5+ Ke6 26. Be3 Bxe3 27. fxe3
h5 28. Rd1 Rxd1 29. Kxd1 Kd5 30. Ke2 Ke4 31. g3 f4 32. gxf4 exf4 33. exf4 Kxf4
34. Kf2 h4 35. c4 a5 36. b3 f5 37. c5 Ke4 38. a3 Kd4 39. Kf3 Kc3 0-1

[Event "4th HD Bank Cup 2014"]
[Site "Ho Chi Minh City VIE"]
[Date "2014.03.11"]
[Round "2.30"]
[White "Borsos, Bogdan"]
[Black "Tran, Le Dan Thuy"]
[Result "1-0"]
[WhiteTitle "IM"]
[WhiteElo "2271"]
[BlackElo "2005"]
[WhiteFideId "14100568"]
[BlackFideId "12403407"]
[EventDate "2014.03.10"]

1. Nf3 d5 2. c4 d4 3. e3 dxe3 4. fxe3 Bf5 5. Qb3 b6 6. Nc3 Nf6 7. Be2 e6 8. O-O
Bd6 9. Nd4 Bg4 10. Qb5+ Qd7 11. Bd3 Qxb5 12. Ndxb5 Nbd7 13. Nxd6+ cxd6 14. b3
O-O 15. Ba3 Nc5 16. Bc2 Rfd8 17. d4 Nb7 18. Rac1 Rd7 19. Bd3 Bh5 20. Ne4 Ng4 21.
Be2 Bg6 22. Bxg4 Bxe4 23. d5 Re8 24. dxe6 fxe6 25. Rcd1 g6 26. Rd2 h5 27. Rf4
Bc6 28. Bd1 d5 29. Bc2 Kg7 30. cxd5 Bxd5 31. Bb2+ Kh6 32. Rf6 Rg8 33. e4 Bc6 34.
Bc1 Kg7 35. Rxe6 Rxd2 36. Bxd2 Nd8 37. Re7+ Kf6 38. Rxa7 Ne6 39. Ra6 Rb8 40. Be3
Be8 41. Rxb6 Rc8 42. Bd3 Ke5 43. Bc4 Nd4 44. Bxd4+ Kxd4 45. e5 Kxe5 46. h4 Rd8
47. Kf2 Kf4 48. a4 Kg4 49. g3 Rd2+ 50. Be2+ Kh3 51. a5 Bd7 52. Rxg6 Bg4 53. Rxg4
hxg4 54. a6 Rb2 55. h5 Rxb3 56. h6 Rb8 57. h7 Rf8+ 58. Ke3 Kxg3 59. Bc4 Re8+ 60.
Kd4 1-0

[Event "4th HD Bank Cup 2014"]
[Site "Ho Chi Minh City VIE"]
[Date "2014.03.11"]
[Round "2.31"]
[White "Hoang, Thi Bao Tram"]
[Black "Doan, Thi Van Anh"]
[Result "1/2-1/2"]
[WhiteTitle "WGM"]
[BlackTitle "WFM"]
[WhiteElo "2269"]
[BlackElo "1994"]
[WhiteFideId "12401102"]
[BlackFideId "12400491"]
[EventDate "2014.03.10"]

1. Nf3 d5 2. g3 Nf6 3. Bg2 g6 4. c4 c6 5. O-O Bg7 6. d4 O-O 7. Nbd2 Nbd7 8. Qc2
Re8 9. Rd1 e5 10. dxe5 Nxe5 11. cxd5 Qxd5 12. Nxe5 Qxe5 13. Nc4 Qe7 14. e4 Bg4
15. Re1 Qe6 16. Bd2 Bh3 17. e5 Nd5 18. Bh1 Bf8 19. Na5 Qd7 20. a3 h6 21. b4 Rad8
22. Nb3 Qc7 23. Qe4 Bf5 24. Qe2 f6 25. Qc4 Rxe5 26. Rxe5 Qxe5 27. Re1 Qd6 28.
Nc5 Qc7 29. h4 Kh7 30. h5 b6 31. hxg6+ Kxg6 32. Ne6 b5 33. Qh4 Bxe6 34. Rxe6 Bg7
35. Bf3 Kf7 36. Re1 Ne7 37. Qh5+ Kg8 38. Bxh6 Rf8 39. Be3 Qe5 40. Qg4 f5 41. Qh4
Ng6 42. Qh5 Qe6 43. Kg2 f4 44. Bd2 Qd6 45. Re2 fxg3 46. fxg3 Qf6 47. Bg5 Qf5 48.
Be3 Qd3 49. Bc5 Rf5 50. Qg4 Ne5 51. Rxe5 Rxe5 52. Qc8+ Kh7 53. Qxc6 Qc2+ 54. Kh3
Qf5+ 55. Kg2 Qc2+ 56. Kh3 Qc4 57. Qd7 Qf1+ 58. Kg4 Qc4+ 59. Kh3 Qf1+ 60. Kg4 Qc1
61. Qd3+ Kh8 62. Qd8+ Kh7 63. Qd3+ Kh8 64. Qd8+ Kh7 65. Qd3+ 1/2-1/2

[Event "4th HD Bank Cup 2014"]
[Site "Ho Chi Minh City VIE"]
[Date "2014.03.11"]
[Round "2.32"]
[White "Le, Minh Hoang"]
[Black "Tu, Hoang Thai"]
[Result "0-1"]
[WhiteTitle "CM"]
[BlackTitle "IM"]
[WhiteElo "1931"]
[BlackElo "2250"]
[WhiteFideId "12404683"]
[BlackFideId "12400351"]
[EventDate "2014.03.10"]

1. d4 g6 2. Nf3 Bg7 3. Bf4 c5 4. c3 Qb6 5. Qc1 d5 6. e3 Nf6 7. Be2 Nc6 8. O-O
O-O 9. Nbd2 cxd4 10. exd4 Nd7 11. Nb3 a5 12. Bh6 a4 13. Bxg7 Kxg7 14. Nbd2 f6
15. c4 Nxd4 16. Nxd4 Qxd4 17. Nf3 Qc5 18. cxd5 Qxd5 19. Qc7 Ra5 20. Rfd1 Rc5 21.
Qg3 Qc6 22. Nd4 Qb6 23. b4 axb3 24. axb3 Ne5 25. f4 Nc6 26. Nxc6 Rxc6+ 27. Kh1
Be6 28. Re1 Rd8 29. Bc4 Bxc4 30. bxc4 Qc7 31. Qa3 Rd7 32. f5 Rxc4 33. fxg6 hxg6
34. Qh3 e5 35. Rf1 Rc6 36. Qb3 Rb6 37. Qe3 Rbd6 38. h3 Qb6 39. Qf3 Rd3 40. Qg4
R7d4 41. Qe2 Qc6 42. Rfc1 Rxh3+ 43. Kg1 Rc3 44. Rxc3 Qxc3 45. Rb1 Qc5 46. Kh2
Rd7 47. Rd1 Re7 48. Qe4 Qc6 49. Qb4 Rd7 50. Rxd7+ Qxd7 51. Qc5 Kf7 52. Qc4+ Qe6
53. Qc7+ Qe7 54. Qc4+ Kg7 55. Kg3 e4 56. Kf2 Qe5 57. Qb4 b5 58. g3 e3+ 59. Ke2
Qxg3 60. Qe7+ Kh6 61. Qf8+ Kg5 62. Qc5+ f5 63. Qe7+ Kg4 64. Kd3 Qe1 65. Kd4 Qd2+
66. Ke5 e2 67. Kf6 Qg5+ 0-1

[Event "4th HD Bank Cup 2014"]
[Site "Ho Chi Minh City VIE"]
[Date "2014.03.11"]
[Round "2.33"]
[White "Tran, Ngoc Lan"]
[Black "Luu, Duc Hai"]
[Result "1-0"]
[WhiteElo "2244"]
[BlackElo "1913"]
[WhiteFideId "12401811"]
[BlackFideId "12412228"]
[EventDate "2014.03.10"]

1. e4 e6 2. d4 d5 3. Nc3 Nf6 4. exd5 exd5 5. Bd3 c5 6. Bg5 c4 7. Bxf6 gxf6 8.
Be2 Nc6 9. Bf3 Be6 10. Nge2 Bh6 11. O-O Qd7 12. b3 Na5 13. Re1 O-O 14. Ng3 Rac8
15. Nh5 Bg7 16. Nxd5 Bxd5 17. Bxd5 Qxd5 18. Re5 Qd7 19. Rxa5 f5 20. Qf3 Qxd4 21.
Rd1 Qg4 22. Qxg4 fxg4 23. Rg5 Kh8 24. Rxg7 cxb3 25. cxb3 Rfd8 26. Rxd8+ Rxd8 27.
g3 Rd5 28. Rxh7+ Kxh7 29. Nf6+ Kg6 30. Nxd5 f5 31. f3 b6 32. Kf2 Kg5 33. Ke3 Kh5
34. f4 Kg6 35. Kd4 Kf7 36. Ke5 1-0

[Event "4th HD Bank Cup 2014"]
[Site "Ho Chi Minh City VIE"]
[Date "2014.03.11"]
[Round "2.34"]
[White "Pham, Duc Thang"]
[Black "Tran, Thi Mong Thu"]
[Result "1-0"]
[WhiteTitle "FM"]
[WhiteElo "2201"]
[BlackElo "1909"]
[WhiteFideId "12401420"]
[BlackFideId "12403415"]
[EventDate "2014.03.10"]

1. c4 c5 2. g3 g6 3. Bg2 Bg7 4. Nc3 Nc6 5. e3 a6 6. Nge2 e5 7. O-O Nge7 8. b3
O-O 9. Bb2 d6 10. Nd5 Be6 11. d3 Rc8 12. Nec3 f5 13. Nxe7+ Qxe7 14. Nd5 Qf7 15.
Qd2 h6 16. f4 Kh7 17. Rf2 b5 18. Raf1 Qe8 19. e4 Bxd5 20. cxd5 Nd4 21. Bxd4 exd4
22. exf5 gxf5 23. Re2 Qd7 24. Rfe1 Rce8 25. Re6 Rxe6 26. dxe6 Qc7 27. Bh3 Kh8
28. Bxf5 d5 29. e7 Re8 30. Qe2 Bf6 31. Qh5 Rxe7 32. Qxh6+ Kg8 33. Be6+ Rxe6 34.
Rxe6 Kf7 1-0

[Event "4th HD Bank Cup 2014"]
[Site "Ho Chi Minh City VIE"]
[Date "2014.03.11"]
[Round "2.35"]
[White "Nguyen, Dang Hong Phuc"]
[Black "Vo, Dai Hoai Duc"]
[Result "1/2-1/2"]
[WhiteElo "1870"]
[BlackElo "2187"]
[WhiteFideId "12402761"]
[BlackFideId "12400033"]
[EventDate "2014.03.10"]

1. d4 Nf6 2. c4 e6 3. g3 c5 4. Nf3 cxd4 5. Nxd4 Nc6 6. Bg2 Qb6 7. Nc2 Ne5 8. b3
Bc5 9. O-O h5 10. Nc3 Neg4 11. e3 Be7 12. h3 Ne5 13. Qd4 Qxd4 14. exd4 Ng6 15.
h4 d6 16. Ba3 O-O 17. Ne3 Rd8 18. Rac1 Rb8 19. Rfd1 a6 20. Bb4 b6 21. f4 Bb7 22.
Rd2 Bxg2 23. Kxg2 d5 24. Bxe7 Nxe7 25. cxd5 Nexd5 26. Ncxd5 Nxd5 27. Nxd5 Rxd5
28. Rc6 Kh7 29. Kf3 Kg6 30. Ke4 Rb7 31. Rf2 Kf6 32. f5 Ke7 33. fxe6 fxe6 34. Re2
Rbd7 35. Rxb6 Rxd4+ 36. Kf3 R7d6 37. Rxd6 Kxd6 38. Ke3 Ke5 39. Rc2 1/2-1/2

[Event "4th HD Bank Cup 2014"]
[Site "Ho Chi Minh City VIE"]
[Date "2014.03.11"]
[Round "2.36"]
[White "Pham, Bich Ngoc"]
[Black "Nguyen, Truong Bao Tran"]
[Result "1-0"]
[WhiteTitle "WIM"]
[WhiteElo "2186"]
[BlackElo "1889"]
[WhiteFideId "12401285"]
[BlackFideId "12402311"]
[EventDate "2014.03.10"]

1. c4 Nf6 2. Nf3 g6 3. Nc3 Bg7 4. g3 d6 5. Bg2 O-O 6. O-O Nbd7 7. d3 c6 8. Rb1
e5 9. b4 Qc7 10. e4 Ne8 11. Be3 f5 12. exf5 gxf5 13. Qc1 Ndf6 14. d4 Ng4 15.
dxe5 dxe5 16. Bc5 Rf6 17. h3 Nh6 18. Nxe5 b6 19. Bd4 Rd6 20. Nxc6 Rxc6 21. Nb5
Qd7 22. Bxg7 Kxg7 23. Rd1 Qe6 24. Nd4 1-0

[Event "4th HD Bank Cup 2014"]
[Site "Ho Chi Minh City VIE"]
[Date "2014.03.11"]
[Round "2.37"]
[White "Frost, Peter"]
[Black "Ivana Maria, Furtado"]
[Result "0-1"]
[BlackTitle "WIM"]
[WhiteElo "1781"]
[BlackElo "2177"]
[WhiteFideId "3204634"]
[BlackFideId "5048400"]
[EventDate "2014.03.10"]

1. e4 e6 2. d4 d5 3. Nc3 Nf6 4. Bg5 Bb4 5. e5 h6 6. Bc1 Ne4 7. Qg4 Kf8 8. a3
Bxc3+ 9. bxc3 Nxc3 10. Bd2 Ne4 11. Bb4+ c5 12. dxc5 a5 13. Bd2 Qc7 14. Nf3 Qxc5
15. Qh4 Nc6 16. c4 Nxd2 17. Nxd2 dxc4 18. Be2 Qxe5 19. Rd1 g5 20. Qxc4 Nd4 21.
Nf3 Qxe2+ 22. Qxe2 Nxe2 23. Kxe2 Ke7 24. h4 g4 25. Ne5 Rg8 26. Rd4 h5 27. Rc1
Kf6 28. Nd7+ Bxd7 29. Rxd7 Rgc8 30. Rxc8 Rxc8 31. Rxb7 Rc2+ 32. Kf1 Rc3 33. Rb5
Rxa3 34. Rxh5 e5 35. Rg5 Ra1+ 36. Ke2 Ra2+ 37. Kf1 Ra4 38. Rg8 Kf5 39. h5 Ra1+
40. Ke2 a4 41. h6 Rh1 42. Ra8 Rxh6 43. Rxa4 Rb6 44. g3 Rb1 45. Ra7 f6 46. Ra4
Kg5 47. Ra5 Kg6 48. Ra4 Kf5 49. Rc4 Ra1 50. Rb4 Kg5 51. Rb5 Kg6 52. Rb4 f5 53.
Rb5 Kf6 54. Rb6+ Kg5 55. Rb5 e4 56. Re5 Ra3 57. Re8 Rf3 58. Re7 Kg6 59. Re6+ Kg7
60. Re7+ Kf6 61. Re8 Ra3 62. Rb8 Rc3 63. Ra8 Rb3 64. Rc8 Kg6 65. Ra8 Rf3 66.
Ra6+ Kf7 67. Ra7+ Ke6 68. Ra6+ Kd5 69. Ra5+ Kc4 70. Ra4+ Kb5 71. Rd4 Kc6 72. Ra4
Kb6 73. Rb4+ Ka5 74. Rc4 Kb5 75. Rd4 Kc5 76. Ra4 Kc6 77. Ra6+ Kd7 78. Ra7+ Ke6
79. Ra6+ Kf7 80. Ra7+ Kg6 81. Ra6+ Kh5 82. Re6 Kg5 83. Re7 Kf6 84. Re8 Ra3 85.
Rb8 Ra5 86. Re8 Ra6 87. Rb8 Rd6 88. Ra8 Ke5 89. Ra5+ Rd5 90. Ra8 Rc5 91. Rb8 Kd4
92. Rd8+ Rd5 93. Rc8 Ra5 94. Rd8+ Ke5 95. Re8+ Kf6 96. Rb8 Kg5 97. Rg8+ Kh5 98.
Rh8+ Kg6 99. Rg8+ Kf7 100. Rb8 Ra2+ 101. Ke3 Ra3+ 102. Ke2 e3 103. fxe3 Ra2+
104. Kf1 Ke6 105. Rb5 Rd2 106. Ra5 Rd5 107. Ra8 Rb5 108. Kf2 Rb2+ 109. Kf1 Kd5
110. Re8 Rb6 111. Ke2 Rh6 112. Re7 Rh8 113. Rd7+ Ke5 114. Re7+ Kd6 115. Ra7 Rh2+
116. Kf1 Kd5 117. Rd7+ Ke4 118. Re7+ Kf3 119. Kg1 Rg2+ 120. Kf1 Rb2 121. Kg1
Kxg3 122. Kf1 Kf3 123. Kg1 g3 0-1

[Event "4th HD Bank Cup 2014"]
[Site "Ho Chi Minh City VIE"]
[Date "2014.03.11"]
[Round "2.38"]
[White "Tong, Thai Hung"]
[Black "Wolfaardt, Francois"]
[Result "1-0"]
[WhiteElo "2151"]
[BlackElo "1785"]
[WhiteFideId "12403555"]
[BlackFideId "14302578"]
[EventDate "2014.03.10"]

1. d4 d6 2. e4 e5 3. Nf3 Bg4 4. dxe5 Bxf3 5. Qxf3 dxe5 6. Bc4 Qd7 7. O-O Bd6 8.
Qb3 c6 9. Qg3 g6 10. a4 Nf6 11. Qf3 Nh5 12. Bh6 Bf8 13. Bg5 Bd6 14. Rd1 O-O 15.
Ra3 Ng7 16. Rad3 Ne8 17. Bh6 b5 18. axb5 cxb5 19. Bb3 Qc7 20. Bxf8 Bxf8 21. Rd7
Nxd7 22. Qxf7+ 1-0

[Event "4th HD Bank Cup 2014"]
[Site "Ho Chi Minh City VIE"]
[Date "2014.03.11"]
[Round "2.39"]
[White "Le, Thi Phuong Lien"]
[Black "Pham, Hoang Nhat Anh"]
[Result "1-0"]
[WhiteTitle "WFM"]
[WhiteElo "2143"]
[BlackElo "1513"]
[WhiteFideId "12400254"]
[BlackFideId "12403148"]
[EventDate "2014.03.10"]

1. e4 d6 2. d4 Nf6 3. Nc3 g6 4. g3 Bg7 5. Bg2 O-O 6. Nge2 c5 7. O-O Nc6 8. h3 e6
9. Be3 Qe7 10. f4 cxd4 11. Nxd4 Nxd4 12. Bxd4 e5 13. Be3 Bh6 14. Qf3 Bd7 15.
Rad1 Bc6 16. f5 Bg7 17. g4 h6 18. Qf2 a6 19. Qd2 Rad8 20. Bxh6 Kh7 21. Bxg7 Kxg7
22. g5 Kh8 23. gxf6 Qxf6 24. Qh6+ Kg8 25. fxg6 Qxg6 26. Qxg6+ fxg6 27. Rxf8+
Kxf8 28. Nd5 Kg7 29. Kf2 Kh6 30. Ke3 Kg5 31. Rf1 Kh4 32. Rf6 Kg5 33. Rf7 Kh6 34.
Nb4 Rc8 35. c3 b5 36. Nxa6 Ra8 37. Nb4 Be8 38. Rb7 g5 39. Rb6 Rd8 40. Nd5 Kg6
41. a3 Kf7 42. Nc7 Ke7 43. Nxb5 Bf7 44. Rb7+ Ke8 45. Nc7+ Kf8 46. a4 Rc8 47. a5
Bc4 48. a6 Bxa6 49. Nxa6 Ke8 50. Rb8 Rxb8 51. Nxb8 1-0

[Event "4th HD Bank Cup 2014"]
[Site "Ho Chi Minh City VIE"]
[Date "2014.03.11"]
[Round "3.2"]
[White "Pham, Chuong"]
[Black "Zhang, Zhong"]
[Result "0-1"]
[WhiteTitle "FM"]
[BlackTitle "GM"]
[WhiteElo "2353"]
[BlackElo "2600"]
[WhiteFideId "12401218"]
[BlackFideId "8600694"]
[EventDate "2014.03.10"]

1. d4 Nf6 2. c4 e6 3. g3 c5 4. d5 exd5 5. cxd5 d6 6. Nc3 g6 7. Bg2 Bg7 8. Nf3
O-O 9. O-O Re8 10. Bf4 Na6 11. Nd2 Nh5 12. Nc4 Nxf4 13. gxf4 Bxc3 14. bxc3 b5
15. Nd2 Bg4 16. Ne4 Rb8 17. Qd2 Nc7 18. Rad1 Rb6 19. Ng3 Qh4 20. Rde1 Bh3 21. e4
Bxg2 22. Kxg2 Qh6 23. Re2 f6 24. Rh1 Qh4 25. Rd1 Qh6 26. Rh1 Qh4 27. Rd1 Qh6 28.
Qe3 Qh4 29. Qf3 Rf8 30. h3 Ra6 31. Kh2 Ne8 32. Qe3 Ra4 33. Rc1 Rc4 34. Rb2 a6
35. Ra1 f5 36. exf5 Rxf4 37. Re1 Ng7 38. Rbe2 Nxf5 39. Qe6+ Kg7 40. Kg2 Rxf2+
41. Rxf2 Qxg3+ 42. Kf1 Qxf2+ 43. Kxf2 Nd4+ 44. Kg3 Nxe6 45. Rxe6 Rf6 46. Re7+
Rf7 47. Re6 Rf6 48. Re7+ Kh6 49. Rd7 g5 50. a4 bxa4 51. Ra7 Kg6 52. Rxa6 Kf5 53.
Rxa4 Ke5 54. Ra7 Kxd5 55. Rxh7 Kc4 56. Rg7 d5 57. Rxg5 Rd6 58. Kf4 Kxc3 59. Ke5
Rd8 60. Ke6 c4 61. Ke7 Rh8 62. Rxd5 Rxh3 0-1

[Event "4th HD Bank Cup 2014"]
[Site "Ho Chi Minh City VIE"]
[Date "2014.03.11"]
[Round "3.3"]
[White "Lu, Shanglei"]
[Black "Tran, Thanh Tu"]
[Result "1/2-1/2"]
[WhiteTitle "GM"]
[BlackTitle "CM"]
[WhiteElo "2558"]
[BlackElo "2277"]
[WhiteFideId "8603332"]
[BlackFideId "12401404"]
[EventDate "2014.03.10"]

1. e4 c5 2. Nf3 e6 3. d4 cxd4 4. Nxd4 a6 5. Bd3 Bc5 6. Be3 d6 7. Nc3 Nf6 8. e5
dxe5 9. Nxe6 Bxe6 10. Bxc5 Qc7 11. Ba3 Nc6 12. O-O O-O-O 13. Qf3 Nd4 14. Qg3 Nh5
15. Qe3 f5 16. Rfe1 e4 17. Rad1 exd3 18. Rxd3 Qf4 19. Bc5 Qxe3 20. Rexe3 Nxc2
21. Rxd8+ Rxd8 22. Rxe6 Nf4 23. Re5 Nd3 24. Re2 Nxc5 25. Rxc2 Ne6 26. Kf1 Kd7
27. Rd2+ Kc6 28. Rxd8 Nxd8 29. Ke2 Ne6 30. Ke3 1/2-1/2

[Event "4th HD Bank Cup 2014"]
[Site "Ho Chi Minh City VIE"]
[Date "2014.03.11"]
[Round "3.4"]
[White "Nguyen, Duc Hoa"]
[Black "Le, Kieu Thien Kim"]
[Result "1-0"]
[WhiteTitle "IM"]
[BlackTitle "WIM"]
[WhiteElo "2496"]
[BlackElo "2199"]
[WhiteFideId "12401358"]
[BlackFideId "12400572"]
[EventDate "2014.03.10"]

1. d4 d5 2. c4 c6 3. Nf3 Nf6 4. Qc2 e6 5. g3 Bb4+ 6. Bd2 Be7 7. Bg2 Ne4 8. O-O
Nd7 9. Rd1 O-O 10. Be1 f5 11. Nfd2 Ndf6 12. f3 Ng5 13. Nc3 Qe8 14. e3 Qh5 15.
Ne2 Nh3+ 16. Kh1 g5 17. Ng1 Nxg1 18. Kxg1 g4 19. f4 Bd7 20. Nb3 dxc4 21. Qxc4
Nd5 22. Qe2 Rf6 23. h4 Rd8 24. Nc5 Bxc5 25. dxc5 Qe8 26. e4 fxe4 27. Bxe4 h5 28.
Bf2 Rf8 29. Bd4 Ne7 30. Bc2 Nf5 31. Qe5 Qg6 32. Bc3 Qh6 33. Bb3 Bc8 34. Rxd8
Rxd8 35. Qxf5 1-0

[Event "4th HD Bank Cup 2014"]
[Site "Ho Chi Minh City VIE"]
[Date "2014.03.11"]
[Round "3.5"]
[White "Nguyen, Van Hai"]
[Black "Nguyen, Anh Dung"]
[Result "1/2-1/2"]
[WhiteTitle "IM"]
[BlackTitle "GM"]
[WhiteElo "2341"]
[BlackElo "2469"]
[WhiteFideId "12400122"]
[BlackFideId "12400025"]
[EventDate "2014.03.10"]

1. e4 e5 2. Nf3 Nc6 3. Bb5 a6 4. Ba4 Nf6 5. O-O Be7 6. Re1 b5 7. Bb3 d6 8. c3
O-O 9. d4 Bg4 10. d5 Na5 11. h3 Nxb3 12. axb3 Bd7 13. Nbd2 Ne8 14. Nf1 f5 15.
exf5 Bxf5 16. Ng3 Bg6 17. Be3 Qd7 18. c4 h6 19. Qe2 Nf6 20. Ra5 bxc4 21. bxc4 c6
22. dxc6 Qxc6 23. Nh4 Bh7 24. Nhf5 Bd8 25. Ra3 Kh8 26. Rd1 Bc7 27. Ne7 Qb7 28.
Nd5 Nxd5 29. Rxd5 a5 30. b3 Qc6 31. Rd1 Rab8 32. Qd2 Rb7 33. Rda1 Rfb8 34. Qd1
Bg8 35. Bd2 d5 36. Bxa5 dxc4 37. Bxc7 Qxc7 38. bxc4 Qxc4 39. Ra8 Qd4 40. Rxb8
Rxb8 41. Nf5 Qxd1+ 42. Rxd1 Bh7 43. Ne3 Re8 44. Rd7 Bg6 45. Kh2 Re6 46. Kg3 Kg8
47. Kf3 Kf8 48. Nc4 Be8 49. Rd6 Bc6+ 50. Kg3 Ke7 51. Rxe6+ Kxe6 52. Ne3 Be4 53.
Kg4 Bd3 54. h4 Be2+ 55. Kg3 Bd3 56. Kf3 Kd6 57. Kg4 Ke6 58. Kf3 Kd6 59. Kg4 Ke6
60. Kf3 e4+ 1/2-1/2

[Event "4th HD Bank Cup 2014"]
[Site "Ho Chi Minh City VIE"]
[Date "2014.03.11"]
[Round "3.6"]
[White "Dang, Hoang Son"]
[Black "Kashlinskaya, Alina"]
[Result "1/2-1/2"]
[WhiteTitle "FM"]
[BlackTitle "WGM"]
[WhiteElo "2043"]
[BlackElo "2440"]
[WhiteFideId "12402435"]
[BlackFideId "4198026"]
[EventDate "2014.03.10"]

1. e4 e5 2. Nf3 Nc6 3. Bc4 Nf6 4. d3 Be7 5. O-O O-O 6. Nc3 d6 7. h3 Na5 8. Qe2
c6 9. Bg5 Nxc4 10. dxc4 h6 11. Be3 Qc7 12. Nd2 Be6 13. f4 exf4 14. Rxf4 d5 15.
Raf1 Nxe4 16. Ncxe4 dxe4 17. Nxe4 b5 18. Qh5 f5 19. Bd4 Qd8 20. Ng3 Qd7 21. Qg6
Bf6 22. Bc5 Qf7 23. Qxf7+ Rxf7 24. Nxf5 Bg5 25. R4f2 Bxc4 26. Re1 a5 27. b3 Bd5
28. Ne7+ Bxe7 29. Rxe7 Rxe7 30. Bxe7 Re8 31. Bc5 Re4 32. Rf8+ Kh7 33. Kf2 Kg6
34. a3 h5 35. Rf3 h4 36. g3 hxg3+ 37. Rxg3+ Kh7 38. Rg4 Rxg4 39. hxg4 Be4 40. c3
Bd5 41. b4 a4 42. Ke3 Kg6 43. Kf4 Be6 44. Ke4 1/2-1/2

[Event "4th HD Bank Cup 2014"]
[Site "Ho Chi Minh City VIE"]
[Date "2014.03.11"]
[Round "3.7"]
[White "Nguyen, Ngoc Truong Son"]
[Black "Liu, Xiangyi"]
[Result "1/2-1/2"]
[WhiteTitle "GM"]
[BlackTitle "FM"]
[WhiteElo "2613"]
[BlackElo "2159"]
[WhiteFideId "12401110"]
[BlackFideId "8605718"]
[EventDate "2014.03.10"]

1. d4 Nf6 2. c4 g6 3. Nc3 d5 4. Qb3 dxc4 5. Qxc4 Bg7 6. e4 c6 7. Nf3 O-O 8. Be2
b5 9. Qb3 a5 10. a3 Na6 11. Qc2 c5 12. Nxb5 cxd4 13. Nbxd4 Bb7 14. e5 Ng4 15.
Bf4 Nxe5 16. Bxe5 Bxe5 17. Ne6 fxe6 18. Nxe5 Rc8 19. Qb3 Nc5 20. Qe3 Qd5 21. Nf3
Qe4 22. Qxe4 Bxe4 23. b4 axb4 24. axb4 Bxf3 25. gxf3 Nb3 26. Rd1 Rf4 27. b5 Nd4
28. Rb1 Rf5 29. Kf1 Re5 30. Bd3 Nxf3 31. Kg2 Nd2 32. Rhc1 Rd8 33. b6 Rg5+ 34.
Kh1 Nxb1 35. b7 Kf7 36. Rxb1 Rb8 37. Be4 Rc5 38. Rb6 Rc7 39. Kg2 Ke8 40. Rxe6
Rbxb7 41. Bxb7 Rxb7 42. Re3 Rb5 43. h3 Kf7 44. Rf3+ Rf5 45. Ra3 Kf6 46. Ra6+ e6
47. Ra7 h6 48. Ra8 Rb5 49. Rf8+ Kg7 50. Re8 Kf7 51. Rh8 h5 52. Rh7+ Kf6 53. Rh8
e5 54. Rf8+ Kg5 55. Re8 Ra5 56. Re7 Kf5 57. Rf7+ Ke6 58. Rg7 Kf6 59. Rg8 Ra6 60.
Rf8+ Kg5 61. Rf3 e4 62. Rg3+ Kf4 63. h4 Ra2 64. Kg1 Ra6 65. Kg2 Re6 66. Rg5 Rf6
67. Kg1 Ra6 68. Kg2 Ra2 69. Kg1 Ra6 70. Kg2 Re6 71. Kf1 e3 72. fxe3+ Kf3 73. Kg1
Kxe3 74. Kg2 Kf4 75. Kh3 Re1 76. Kh2 Re6 77. Kg2 Rf6 78. Kf2 Ke4+ 79. Kg2 Rf4
80. Kg3 1/2-1/2

[Event "4th HD Bank Cup 2014"]
[Site "Ho Chi Minh City VIE"]
[Date "2014.03.11"]
[Round "3.8"]
[White "Nguyen, Anh Khoi"]
[Black "Gomez, John Paul"]
[Result "0-1"]
[WhiteTitle "FM"]
[BlackTitle "GM"]
[WhiteElo "2147"]
[BlackElo "2534"]
[WhiteFideId "12404675"]
[BlackFideId "5201381"]
[EventDate "2014.03.10"]

1. g3 g6 2. Bg2 Bg7 3. c4 e5 4. Nc3 Ne7 5. e3 c6 6. Nge2 d5 7. cxd5 cxd5 8. Qb3
d4 9. exd4 exd4 10. Ne4 d3 11. Nf4 Nbc6 12. O-O O-O 13. Qxd3 Nd4 14. Nc3 Nec6
15. Qb1 Bf5 16. Be4 Bxe4 17. Nxe4 g5 18. Nh3 f5 19. Nc3 Nb4 20. a3 Nbc2 21. Qa2+
Kh8 22. Rb1 Nf3+ 23. Kh1 Qd3 24. Rg1 Nxg1 25. Nxg1 Rae8 26. Qd5 Nd4 27. b4 Re5
28. Qxb7 Re1 29. Bb2 Rxb1 30. Nxb1 Qxb1 31. Bxd4 Bxd4 32. Kg2 Qe4+ 0-1

[Event "4th HD Bank Cup 2014"]
[Site "Ho Chi Minh City VIE"]
[Date "2014.03.11"]
[Round "3.9"]
[White "Diu, Viacheslav"]
[Black "Bersamina, Paulo"]
[Result "1-0"]
[WhiteTitle "IM"]
[BlackTitle "FM"]
[WhiteElo "2474"]
[BlackElo "2326"]
[WhiteFideId "4167465"]
[BlackFideId "5206995"]
[EventDate "2014.03.10"]

1. e4 c5 2. Nf3 g6 3. d4 cxd4 4. Nxd4 Nc6 5. c4 Nf6 6. Nc3 d6 7. Be2 Nxd4 8.
Qxd4 Bg7 9. Be3 O-O 10. Qd2 a5 11. Rd1 Be6 12. b3 a4 13. e5 Ng4 14. Bxg4 Bxg4
15. f3 Bf5 16. Nxa4 Bxe5 17. Bd4 Bxd4 18. Qxd4 Qa5+ 19. Qc3 Qa6 20. Qb4 Qa7 21.
Ke2 Qb8 22. Rd2 Ra6 23. Nc3 Be6 24. Re1 Rc8 25. Kf1 Qa7 26. Nb5 Qb6 27. a4 Rc5
28. h3 Rg5 29. Qc3 Qc5 30. Nd4 d5 31. Qe3 Rh5 32. Nxe6 Qxe3 33. Rxe3 Rxe6 34.
Rxe6 fxe6 35. cxd5 exd5 36. Rd4 b5 37. axb5 Rf5 38. b6 Rf6 39. Rb4 Rf8 40. Ke2
e5 41. Ke3 g5 42. g3 Rd8 43. b7 Rb8 44. f4 gxf4+ 45. gxf4 e4 46. Kd4 Kf7 47.
Kxd5 e3 48. Kc6 Re8 49. Ra4 Re6+ 50. Kc7 Re7+ 51. Kb6 Re6+ 52. Kc5 1-0

[Event "4th HD Bank Cup 2014"]
[Site "Ho Chi Minh City VIE"]
[Date "2014.03.11"]
[Round "3.10"]
[White "Kuderinov, Kirill"]
[Black "Vo, Thanh Ninh"]
[Result "1/2-1/2"]
[WhiteTitle "IM"]
[WhiteElo "2454"]
[BlackElo "2299"]
[WhiteFideId "13701568"]
[BlackFideId "12402141"]
[EventDate "2014.03.10"]

1. e4 e6 2. d4 d5 3. Nd2 Nf6 4. Bd3 c5 5. e5 Nfd7 6. c3 Nc6 7. Ne2 cxd4 8. cxd4
f6 9. exf6 Qxf6 10. Nf3 Bd6 11. O-O h6 12. Bb1 O-O 13. Qd3 Rd8 14. Qe3 Nf8 15.
Nf4 Bxf4 16. Qxf4 Qxf4 17. Bxf4 Bd7 18. Rc1 Be8 19. Bd3 a6 20. Rc3 Bh5 21. g4
Bxg4 22. Ne5 Nxe5 23. Bxe5 Rac8 24. Bc7 Rd7 25. Rac1 Bf5 26. Be2 Nh7 27. b4 Nf6
28. Be5 Rxc3 29. Rxc3 Ng4 30. Bg3 Nf6 31. Rc8+ Kh7 32. f3 Rf7 33. Rb8 g5 34. a4
Nh5 35. Be5 Nf4 36. Bf1 Bc2 37. a5 Nd3 38. Rh8+ Kg6 39. Re8 Ne1 40. Rxe6+ Kh7
41. Be2 Nxf3+ 42. Bxf3 Rxf3 43. Re7+ Kg6 44. Rxb7 Bd3 45. Rb6+ Kh7 46. Kg2 g4
47. h4 h5 48. Rf6 Rxf6 49. Bxf6 Kg6 50. Be7 Kf5 51. Kg3 Ke4 52. Bc5 Bb5 53. Bb6
Bc4 54. Bc5 Bb5 55. Bb6 Bc4 56. Bc5 1/2-1/2